Incomprenssible flow
Saved in:
| Main Author: | |
|---|---|
| Format: | Book |
| Language: | English |
| Published: |
New York :
J. Wiley,
1995
|
| Edition: | 2a. ed. |
| Subjects: |
| LEADER | 00619nam#a2200253#a#4500 | ||
|---|---|---|---|
| 001 | 005568 | ||
| 005 | 20160721143643.0 | ||
| 008 | 990217s1995####xxu#################eng#d | ||
| 020 | |a 0471593583 | ||
| 040 | |a AR-beUNQ | ||
| 099 | |a 21-P10 | ||
| 100 | 1 | |a Panton, Ronald L | |
| 245 | 0 | 2 | |a Incomprenssible flow |c Ronald L. Panton. |
| 250 | |a 2a. ed. | ||
| 260 | |a New York : |b J. Wiley, |c 1995 | ||
| 300 | |a 837 p | ||
| 650 | 7 | |a FISICA |2 Spines | |
| 650 | 7 | |a TERMODINAMICA |2 Spines | |
| 650 | 7 | |a GASES |2 Spines | |
| 650 | 7 | |a LIQUIDOS |2 Spines | |
| 650 | 7 | |a DINAMICA |2 Spines | |
| 929 | |j 24970 | ||
| 942 | |c LIB |n 0 | ||
| 999 | |c 8328 |d 83715 | ||